| 000 | 00677nam a2200205 a 4500 | ||
|---|---|---|---|
| 001 | BRCA_2909 | ||
| 005 | 20190320204026.0 | ||
| 008 | 121208s1935----mx-a---###---#000-0#spa-# | ||
| 050 | 4 |
_aF1234 _b.C46 1935 |
|
| 100 | 1 |
_aCeniceros, Jose Angel _98092 |
|
| 245 | 1 | 0 |
_aActitud de México en sus relaciones internacionales _bafirmación y superación de las doctrinas _cJose Angel Ceniceros. |
| 260 |
_aMéxico _bSecretaría de Relaciones Exteriores _c1935 |
||
| 300 |
_a39 p. _c23 cm. |
||
| 500 | _aB39 | ||
| 650 | 1 | 4 |
_aRelaciones internacionales _98093 |
| 650 | 1 | 4 |
_aDerecho internacional _98094 |
| 651 | 4 |
_aMéxico _xRelaciones exteriores _98095 |
|
| 902 | _aGFM | ||
| 942 |
_2lcc _cB |
||
| 999 |
_c2648 _d2648 |
||